Art in the Hellenistic world /

محفوظ في:

المؤلف الرئيسي: Stewart, Andrew F. (مؤلف)

مؤلف مشترك: University of California, Berkeley.

التنسيق: كتاب

اللغة: English

منشور في: New York : Cambridge University Press, 2014.

الموضوعات:

الوسوم: إضافة وسم

لا توجد وسوم, كن أول من يضع وسما على هذه التسجيلة!

رقم الطلب: N5630 .S738 2014

LEADER 01109namaa2200265 4500
001 25202
003 OSt
005 20250821120707.0
008 130303s2014 nyua b 001 0 eng d
010 |a 2014002054 
020 |a 9781107625921 (pbk. : alk. paper) 
040 |c ARCE Library 
043 |a e-gr--- 
050 4 |a N5630 .S738 2014 
100 1 |a Stewart, Andrew F.,  |e author 
245 1 0 |a Art in the Hellenistic world /   |c Andrew Stewart, University of California, Berkeley. 
264 1 |a New York :   |b Cambridge University Press,   |c 2014. 
300 |a 357 pages :   |b color illustrations ;   |c 26 cm. 
504 |a Includes bibliographical references and index. 
505 0 |a Settlement -- Power -- Victory -- Benefaction -- Focus I : The Great Altar -- Prowess -- Wisdom -- Piety -- Desire -- Focus II : Hellenistic Mosaics -- Luxury -- Difference -- Death -- Reception -- Appendix 1 : The Artist -- Appendix 2 : Kallixeinos of Rhodes on the Wonders of Alexandria. 
650 0 |a Art, Hellenistic. 
710 2 |a University of California, Berkeley. 
901 |a reviewed 
942 |c BK  |2 lcc 
999 |c 21154  |d 21154